Statistiques concernant Dieux nordiques - Quiz

Cliquez ici pour prendre le quiz!

Statistiques générales

  • Ce quiz a été pris 295 fois
  • Le résultat moyen est 6 sur 17

Statistiques - réponses

AttributDieu% Correct
Roi des dieuxOdin
97%
Dieu du tonnerreThor
97%
Dieu du mal et de la ruseLoki
87%
Déesse des mortsHel
55%
Gardien du BifröstHeimdall
47%
Dieu de la guerreTyr
42%
Dieu de la vieFreyr
32%
Déesse de l'amourFreyja
31%
Dieu des mersNjord
17%
Dieu de la lumièreBalder
16%
Dieu de la poésieBragi
11%
Dieu de la justiceForseti
9%
Déesse de la fidélitéSif
7%
Dieu de l'hiverUll
7%
Dieu de l'oubliMeili
2%
Dieu de la vengeanceWidar
1%
Gardien des mortsHraesvleg
0%

Distribution des résultats

Percentile par nombre de réponses

% des personnes avec chaque résultat

Votre développement - résultats

Vous n’avez pas pris ce quiz